000 00938nam a22003137a 4500
001 0024804
003 KOHA_MİRAKIL
005 20260207002449.0
007 ta
008 101125b2003 tu |||gr||||#0|||1|tur |
020 _a019423018X
040 _aTR-BiSEU
_btur
_cTR-BiSEU
_erda
041 0 _atur
044 _ctu
050 _aPE1128.P35
_bI54 2003
100 1 _aMowat, Diane.
245 1 2 _aA pair of ghostly hands and other stories/
_cDiane Mowat ; Diane Mowat.
264 1 _aOxford :
_bOxford University Press
_c2003
300 _a72 sayfa: resimli; 20 cm.
336 _ametin
_btxt
_2rdacontent
337 _aaracısız
_bn
_2rdamedia
338 _acilt
_bnc
_2rdacarrier
650 0 _aEnglish language--Study and teaching.
_940817
650 0 _aEnglish language--Readers.
_950332
650 0 _aİngiliz dili--Okuma kitapları.
_928942
650 0 _aReaders--Stage 3.
_950467
907 _aDil
942 _2lcc
_cBK
999 _c24755
_d24755